00780 a2200145 4500003000500000005001700005040000900022082001200031100002100043245010600064260004100170300001400211505038100225650002800606NUST20221215174131.0 cNust a327,PAL aPalmer,Norman .D aInternational relations :bThe World Community in Transition /cNorman D.palmer and Howard C perkins aRawalpindibNational book Foundation a818, p .: aPart-1:The Pattern of International Life (Page-1), Part-2: Instrument for Promotion of the National Interest (Page-83), Part-3: The Controls of Interstate Relations(Page-211), Part-4: Conflict and Change in the Postwar World (Page-396), Part-5: Formulation of the National Interest (Page-600), Part-6: The Future of the World Community in the Nuclear and Space Age (Page-738). aInternational Relations